LEADER 01023nam a2200277 i 4500 001 991002289069707536 005 20020508193708.0 008 011031s1986 it ||| | ita 020 $a8835929946 035 $ab10987125-39ule_inst 035 $aPARLA158825$9ExL 040 $aDip.to Scienze Storiche Fil. e Geogr.$bita 082 0 $a307.760945 100 1 $aKotel'nikova, Ljubov Aleksandrovna$0449224 245 10$aCitta e campagna nel Medioevo italiano /$cLjubov Kotel nikova 260 $aRoma :$bEditori riuniti,$c1986 300 $a125 p. :$bill. ;$c20 cm. 490 0 $aLibri di base 500 $aTrad. di Salvatore Arcella. 650 4$aCittą e campagna$zItalia$ySec. 5.-15. 907 $a.b10987125$b23-02-17$c28-06-02 912 $a991002289069707536 945 $aLE009 STOR.22-24$g1$i2009000149816$lle009$o-$pE0.00$q-$rl$s- $t0$u0$v0$w0$x0$y.i11100746$z28-06-02 996 $aCitta e campagna nel Medioevo italiano$9864744 997 $aUNISALENTO 998 $ale009$b01-01-01$cm$da $e-$fita$git $h0$i1 LEADER 01723nam 2200481 450 001 996478867803316 005 20231110220454.0 010 $a3-031-06668-5 035 $a(MiAaPQ)EBC7009710 035 $a(Au-PeEL)EBL7009710 035 $a(CKB)23424755400041 035 $aEBL7009710 035 $a(AU-PeEL)EBL7009710 035 $a(PPN)269149481 035 $a(EXLCZ)9923424755400041 100 $a20221215d2022 uy 0 101 0 $aeng 135 $aurcnu|||||||| 181 $ctxt$2rdacontent 182 $cc$2rdamedia 183 $acr$2rdacarrier 200 00$aInnovations for community services $e22nd International Conference, I4CS 2022, Delft, the Netherlands, June 13-15, 2022, proceedings /$fFrank Phillipson [and three others] editors 210 1$aCham, Switzerland :$cSpringer,$d[2022] 210 4$d©2022 215 $a1 online resource (336 pages) 225 1 $aCommunications in Computer and Information Science ;$vv.1585 300 $aDescription based upon print version of record. 311 08$aPrint version: Phillipson, Frank Innovations for Community Services Cham : Springer International Publishing AG,c2022 9783031066672 320 $aIncludes bibliographical references and index. 410 0$aCommunications in Computer and Information Science 606 $aInternet$vCongresses 606 $aWide area networks (Computer networks) 615 0$aInternet 615 0$aWide area networks (Computer networks) 676 $a004.678 702 $aPhillipson$b Frank 801 0$bMiAaPQ 801 1$bMiAaPQ 801 2$bMiAaPQ 906 $aBOOK 912 $a996478867803316 996 $aInnovations for Community Services$92869560 997 $aUNISA